| 000 | 00676 a2200205 4500 | ||
|---|---|---|---|
| 010 | _aENG-85540 | ||
| 020 | _c195.00 | ||
| 035 | _aEN-69073 | ||
| 037 | _bD.B.Act / Pub | ||
| 082 | 1 | 4 | _a370.92 |
| 090 |
_c2912 _d2912 |
||
| 100 | 1 | _aBiswas, A. | |
| 245 | 1 |
_aSeven Indian educationist _cby A. Biswas and J. C. Aggarwal _bincluding 35 other thinkers on education in modern India |
|
| 250 | _a5th ed. | ||
| 260 |
_aNew Delhi _bArya Book Depot _c2006 |
||
| 270 |
_b30, Naiwala, Karol Bagh _cNew Delhi _e110 005 |
||
| 300 |
_a279 p. _c21 cm (Pbk.) |
||
| 942 |
_adpl _cEN _k370.92 / BIS |
||
| 999 |
_c2857 _d2857 |
||